El origen de la filosofía y el retorno de los mitos

Ensayo sobre la revalorización contemporánea del mito como un fenómeno vivo y activo, y no como un producto del pasado con un alto valor cultural. El autor resalta la importancia de la etnografía, la antropología, la sociología, la psicología y la filosofía en esta revalorización. Se remonta a la an...

Descripció completa

Guardat en:
Dades bibliogràfiques
Autor principal: Cañas Quirós, Roberto
Format: Llibre
Idioma:Undetermined
Publicat: San José, Costa Rica Universidad de Costa Rica 2011
Matèries:
Etiquetes: Afegir etiqueta
Sense etiquetes, Sigues el primer a etiquetar aquest registre!

MARC

LEADER 00000nam a2200000Ia 4500
008 170316s9999 xx 000 0 und d
040 |a cru BVZT 
090 |a 100 C-8.1o 
100 |a Cañas Quirós, Roberto  |9 2006 
245 |a El origen de la filosofía y el retorno de los mitos  |c / Roberto Cañas Quirós 
260 |a San José, Costa Rica  |b Universidad de Costa Rica  |c 2011 
300 |a 137 p. 
520 |a Ensayo sobre la revalorización contemporánea del mito como un fenómeno vivo y activo, y no como un producto del pasado con un alto valor cultural. El autor resalta la importancia de la etnografía, la antropología, la sociología, la psicología y la filosofía en esta revalorización. Se remonta a la antigua escuela filosófica griega constituida por los milesios y cómo surge un desarrollo simbiótico entre el mito y la filosofía. Asimismo, se analiza el mito como pensamiento primitivo, su interpretación psicológica y su papel en la política, la sociedad, la cultura, la metafísica y la ciencia 
650 |a FILOSOFÍA  |9 5 
650 |a FILOSOFÍA ANTIGUA  |9 2007 
650 |a HISTORIA  |9 90 
650 |a LA ESCUELA DE MILETO  |9 2008 
650 |a EL MITO  |9 1350 
942 0 0 |0 2  |2 z 
999 |c 15974  |d 15974